000 00518nam a2200217Ia 4500
003 OSt
005 20221005121829.0
006 a|||||r|||| 00| 0
007 ta
008 221004b |||||||| |||| 00| 0 tam d
024 _a48881
037 _cTextual
040 _aCRL
_cCRL
_btam
041 _2tam
_atam
082 _aO31,3, J6
100 _aRamaswamy
_9222297
245 0 _aInba nila
650 _aTAMIL LITERATURE
942 _hO31,3, J6
_cTEXL
_2cc
999 _c1042400
_d1042400